| 000 | 00315nam a2200121 a 4500 | ||
|---|---|---|---|
| 999 |
_c8995 _d8995 |
||
| 100 | 1 | _aKhurmi, R. S. | |
| 245 | 1 | 2 | _aFluid Machines / |
| 260 |
_aNew Delhi : _bS Chand & Co Ltd, _c1982. |
||
| 300 | _a639 p. | ||
| 650 | _aFluid Mechanics | ||
| 856 | 4 | 0 | _uhttp://www.amazon.com/exec/obidos/ASIN/chopaconline-20 |
| 942 | _cBK | ||